| 000 | 00741nam a22002177a 4500 | ||
|---|---|---|---|
| 999 |
_c12226 _d12226 |
||
| 003 | AR-CdUCM | ||
| 008 | 190408b ||||| |||| 00| 0 spa d | ||
| 040 |
_aMUNICIPALIDAD PROVINCIAL DEL CUSCO _cBIBLIOTECA MUNICIPAL DEL CUSCO |
||
| 082 |
_aEP / 372.500 / _bR99 |
||
| 110 |
_aRädda Barnen _929974 |
||
| 245 |
_aNaturaleza y Comunidad Texto Base para alumnos : _b3° y 4° grado / |
||
| 260 |
_aLima : _bPrograma ERA Educación rural andina, _c1994. |
||
| 300 |
_a161 paginas : _bIlustraciones, Graficos, Dibujos, _c30 cm. |
||
| 500 | _aEducación rural andina | ||
| 650 |
_aTexto educativo _925832 |
||
| 650 |
_aLiteratura _983 |
||
| 650 |
_aEducación _9460 |
||
| 650 |
_aPerú _935 |
||
| 942 |
_2ddc _cLIBROS |
||
| 945 |
_apjha _d2019-04-08 |
||